000 00583nam a22001937a 4500
999 _c14789
_d14789
003 MIRAKIL
005 20220131171309.0
008 220131b tu ||||| |||| 00| 0 tur d
020 _a9789750404443
040 _aTR-AnCHP
_btur
_cTR-AnCHP
082 _a818.42
_bM24b 2017
100 _aMakal, Mahmut
245 _aBizim köy/
_cMahmut Makal.
260 _aİstanbul:
_bLiteratür Yayınları,
_c2017.
300 _a160 s.:
_bfotg.;
_c21 sm.
490 0 _aLiteratür Yayınları;
_aMahmut Makal Kitaplığı;
_v545.
_v01.
650 0 _aTürk edebiyatı
_xAnılar
_919
942 _2ddc
_cBKS